[Event "M.Chigorin Memorial 2014"]
[Site "St. Petersburg"]
[Date "2014.10.24"]
[Round "7.126"]
[White "Voronenkov, Sergey"]
[Black "Khadzhiev, Valery"]
[Result "0-1"]
[WhiteElo "1950"]
[BlackElo "2134"]
[PlyCount "50"]
[EventDate "2014.10.18"]

1. e4 e6 2. d4 d5 3. Nc3 Bb4 4. e5 c5 5. a3 Bxc3+ 6. bxc3 Qa5 7. Bd2 Qa4 8. Qg4
g6 9. Kd1 Nc6 10. Nf3 Nge7 11. Qf4 cxd4 12. cxd4 h6 13. g4 Bd7 14. Bd3 Rh7 15.
Ke2 g5 16. Qe3 Rg7 17. h4 O-O-O 18. h5 Na5 19. Rhb1 Nc4 20. Bxc4 dxc4 21. Rb4
Qc6 22. d5 Qxd5 23. Qxa7 Bc6 24. Rd1 Qxf3+ 25. Ke1 Qh1+ 0-1

[Event "M.Chigorin Memorial 2014"]
[Site "St. Petersburg"]
[Date "2014.10.24"]
[Round "7.127"]
[White "Galaktionov, Artem"]
[Black "Hefner, Felix"]
[Result "0-1"]
[WhiteElo "2131"]
[BlackElo "1938"]
[PlyCount "120"]
[EventDate "2014.10.18"]

1. d4 f5 2. Nf3 Nf6 3. c4 d6 4. g3 g6 5. Bg2 Bg7 6. O-O O-O 7. Nc3 Qe8 8. Re1
Qf7 9. e4 fxe4 10. Nxe4 Qxc4 11. Nxf6+ exf6 12. d5 Bg4 13. Bf4 Na6 14. b3 Qb4
15. a3 Qb5 16. h3 Bxf3 17. Bxf3 Qd7 18. b4 Rae8 19. Re6 Rf7 20. Qb3 Rfe7 21.
Rae1 Kf7 22. Bg4 Qd8 23. Be3 Nb8 24. Bxa7 Nd7 25. f4 f5 26. Bf3 b6 27. Qc4 Nf6
28. a4 Qd7 29. Bb8 Ne4 30. Rxe7+ Rxe7 31. Bxe4 fxe4 32. Rxe4 Rxe4 33. Qxe4 Qxh3
34. Bxc7 Qxg3+ 35. Kf1 Qh3+ 36. Ke2 Qh2+ 37. Kd3 Qh3+ 38. Qe3 Qf1+ 39. Kd2 Qg2+
40. Ke1 Qh1+ 41. Kf2 Qxd5 42. Bxb6 Qa2+ 43. Qe2 Qxa4 44. Qc4+ Ke7 45. Be3 Bf6
46. Qe4+ Kf8 47. Kg2 Qe8 48. Qf3 Qd7 49. Qd5 Qg4+ 50. Kf1 Qh3+ 51. Ke2 Qh2+ 52.
Kd3 Be7 53. b5 Qb2 54. b6 Qb1+ 55. Ke2 Qc2+ 56. Kf1 Qb1+ 57. Kg2 Qc2+ 58. Kg3
Qe2 59. Qf3 Bh4+ 60. Kg4 h5+ 0-1

[Event "M.Chigorin Memorial 2014"]
[Site "St. Petersburg"]
[Date "2014.10.24"]
[Round "7.128"]
[White "Latyev, Yury"]
[Black "Ngnegevo, Filipp"]
[Result "1/2-1/2"]
[WhiteElo "2108"]
[BlackElo "1936"]
[PlyCount "154"]
[EventDate "2014.10.18"]

1. f4 d5 2. Nf3 Nf6 3. e3 Bf5 4. b3 e6 5. Bb2 Nbd7 6. Be2 Bd6 7. O-O O-O 8. Ne5
Bxe5 9. fxe5 Ne4 10. d3 Nec5 11. Nc3 Bg6 12. Qe1 Qg5 13. Rf3 Na6 14. Nb5 Nxe5
15. Rg3 Qf6 16. Rb1 c6 17. Nd6 Qe7 18. Nxb7 Qxb7 19. Bxe5 f6 20. Bc3 c5 21. h4
Nb4 22. h5 Bf5 23. h6 g6 24. Bf3 e5 25. Rb2 e4 26. dxe4 Bxe4 27. Qd2 Rad8 28.
a3 Nc6 29. Qe2 Qc7 30. Rh3 Bxf3 31. Rxf3 d4 32. exd4 cxd4 33. Qe6+ Kh8 34. Bd2
Qd6 35. Qxd6 Rxd6 36. Bf4 Re6 37. c3 dxc3 38. Rxc3 Nd4 39. Re3 Rfe8 40. Rxe6
Nxe6 41. Be3 a6 42. b4 Rc8 43. Bf2 Kg8 44. a4 Rc7 45. b5 axb5 46. a5 Rc1+ 47.
Kh2 Nc7 48. Rd2 b4 49. Rd8+ Kf7 50. Rb8 Rc2 51. Be1 Na6 52. Rb6 Re2 53. Bg3 Re6
54. Bd6 b3 55. Rb7+ Ke8 56. Ba3 f5 57. Rxh7 g5 58. Rh8+ Kf7 59. h7 Kg6 60. Bb2
Re7 61. Ra8 Rxh7+ 62. Kg3 Nc7 63. Rb8 Nd5 64. Rd8 Nb4 65. Rd4 Rb7 66. a6 Nxa6
67. Rd6+ Kh5 68. Rxa6 Rd7 69. Rb6 Rd3+ 70. Kh2 Kg4 71. Bf6 Kh5 72. Kg1 Rd1+ 73.
Kf2 Rd2+ 74. Kf1 Rd3 75. Ke2 Rg3 76. Kf2 Rd3 77. Rb5 Kg4 1/2-1/2

[Event "M.Chigorin Memorial 2014"]
[Site "St. Petersburg"]
[Date "2014.10.24"]
[Round "7.129"]
[White "Kozhabekov, Adilkhan"]
[Black "Potapova, Margarita"]
[Result "0-1"]
[WhiteElo "2107"]
[BlackElo "1917"]
[PlyCount "108"]
[EventDate "2014.10.18"]

1. Nf3 Nf6 2. d4 g6 3. Bg5 Bg7 4. Nbd2 d5 5. e3 O-O 6. Bd3 Bf5 7. O-O Nbd7 8.
Qe2 Ne4 9. Bh4 h6 10. Rfd1 Qe8 11. Nb3 e5 12. dxe5 Nxe5 13. Nfd4 Bd7 14. f3 Nd6
15. e4 Nxd3 16. cxd3 c5 17. Nc2 b6 18. Ne3 Be6 19. Rd2 d4 20. Nf1 c4 21. dxc4
Nxc4 22. Rc2 d3 23. Qxd3 Nxb2 24. Qe2 g5 25. Bf2 Bc4 26. Qe3 Rd8 27. Rb1 Rd3
28. Qe1 Bxb3 29. axb3 Rxb3 30. Qe2 Qe5 31. Ne3 Rd8 32. Nf5 Qb5 33. Nxg7 Kxg7
34. Kf1 Nd3 35. Rd1 a5 36. Be1 Nxe1 37. Rxe1 Qxe2+ 38. Rexe2 Rd1+ 39. Kf2 a4
40. e5 a3 41. e6 fxe6 42. Rc7+ Kf8 43. Ra7 Rd6 44. Kg3 Rb2 45. Re3 Rdd2 46. Kg4
Rxg2+ 47. Kh5 a2 48. Rxe6 Rge2 49. Rc6 Re7 50. Rf6+ Kg7 51. Rg6+ Kf7 52. Rg7+
Kxg7 53. Rxe7+ Kf6 54. Ra7 Rxh2+ 0-1

[Event "M.Chigorin Memorial 2014"]
[Site "St. Petersburg"]
[Date "2014.10.24"]
[Round "7.130"]
[White "Reshetnikov, Ruslan"]
[Black "Bezulenko, Evgeny"]
[Result "1-0"]
[WhiteElo "2106"]
[BlackElo "1827"]
[PlyCount "61"]
[EventDate "2014.10.18"]

1. d4 Nf6 2. c4 e6 3. Nc3 Bb4 4. e3 c5 5. Nge2 b6 6. a3 Ba5 7. Rb1 Qe7 8. Bd2
Bb7 9. b4 cxb4 10. Nb5 Na6 11. axb4 Bxb4 12. Nc7+ Nxc7 13. Bxb4 d6 14. Qa4+ Qd7
15. Qa3 O-O 16. Bxd6 Rfd8 17. Be5 Ne4 18. Nc3 f6 19. Bf4 e5 20. Bg3 Nxg3 21.
hxg3 exd4 22. Rd1 Qe6 23. Ne2 dxe3 24. Rxd8+ Rxd8 25. fxe3 Ba6 26. Nf4 Qe4 27.
Bd3 Qxe3+ 28. Kf1 g6 29. Rxh7 Rxd3 30. Rh8+ Kxh8 31. Qf8+ 1-0

[Event "M.Chigorin Memorial 2014"]
[Site "St. Petersburg"]
[Date "2014.10.24"]
[Round "7.131"]
[White "Aseev, Vladimir"]
[Black "Beltyukov, Denis"]
[Result "1/2-1/2"]
[WhiteElo "2094"]
[BlackElo "1781"]
[PlyCount "98"]
[EventDate "2014.10.18"]

1. Nf3 d5 2. g3 c6 3. Bg2 Bf5 4. O-O e6 5. d3 Nf6 6. Nbd2 Bc5 7. a3 a5 8. c4
O-O 9. b3 Nbd7 10. d4 Bd6 11. Bb2 Ne4 12. Nh4 Ndf6 13. Nxe4 Bxe4 14. f3 Bf5 15.
Re1 g5 16. Nxf5 exf5 17. e4 fxe4 18. fxe4 Nxe4 19. Bxe4 dxe4 20. Rxe4 Re8 21.
Rxe8+ Qxe8 22. Qd2 f6 23. Rf1 Qe7 24. Re1 Qf8 25. Re6 Re8 26. Qe2 Rxe6 27.
Qxe6+ Kg7 28. c5 Bxc5 29. dxc5 Qxc5+ 30. Kf1 Kg6 31. Qxf6+ Kh5 32. Qf7+ Kg4 33.
Qd7+ Kf3 34. Qd3+ Kg4 35. Qe4+ Kh3 36. Qxh7+ Kg4 37. Qe4+ Kh3 38. Qe6+ Kxh2 39.
Qe2+ Kxg3 40. Be5+ Kh4 41. Qf2+ Qxf2+ 42. Kxf2 Kg4 43. a4 b5 44. Ke3 bxa4 45.
bxa4 Kf5 46. Bc7 Ke6 47. Kd4 Kd7 48. Bg3 Kc8 49. Kc5 Kb7 1/2-1/2

[Event "M.Chigorin Memorial 2014"]
[Site "St. Petersburg"]
[Date "2014.10.24"]
[Round "7.132"]
[White "Fraiman, Dmitry"]
[Black "Matchenya, Ivan"]
[Result "1/2-1/2"]
[WhiteElo "2093"]
[BlackElo "1659"]
[PlyCount "110"]
[EventDate "2014.10.18"]

1. e4 c6 2. d4 d5 3. exd5 cxd5 4. Bd3 Nc6 5. c3 Nf6 6. Bf4 Bg4 7. Qb3 Qc8 8.
Nd2 e6 9. Ngf3 Be7 10. O-O O-O 11. Rfe1 Bh5 12. Ne5 Nxe5 13. Bxe5 a6 14. a3 Nd7
15. Bf4 Qc6 16. Re3 Bg6 17. Bxg6 hxg6 18. Nf3 b5 19. Ne5 Nxe5 20. Bxe5 Bd6 21.
Qd1 a5 22. h4 b4 23. h5 bxa3 24. bxa3 Bxe5 25. dxe5 Rab8 26. Qg4 Qc4 27. Qg5
gxh5 28. Qxh5 Qf4 29. Rh3 Qh6 30. Qg4 Qg6 31. Qf4 f6 32. Rg3 Qe4 33. Qxe4 dxe4
34. exf6 Rxf6 35. Ra2 Rb1+ 36. Kh2 Rf1 37. Re3 R1xf2 38. Rxf2 Rxf2 39. Rxe4 Rc2
40. Rc4 Kf7 41. Kg3 Kf6 42. Kf3 e5 43. g3 Ke6 44. a4 Kd5 45. Rc7 Ra2 46. Rxg7
Rxa4 47. Ra7 Ra1 48. g4 a4 49. g5 a3 50. g6 Rg1 51. Ra5+ Kc4 52. Rxa3 Rxg6 53.
Ke4 Rg3 54. Ra4+ Kb3 55. Ra8 Rxc3 1/2-1/2

[Event "M.Chigorin Memorial 2014"]
[Site "St. Petersburg"]
[Date "2014.10.24"]
[Round "7.133"]
[White "Bimiev, Ahmad"]
[Black "Orel, Daniil"]
[Result "1-0"]
[WhiteElo "2090"]
[BlackElo "1841"]
[PlyCount "61"]
[EventDate "2014.10.18"]

1. c4 f5 2. g3 Nf6 3. Bg2 e5 4. Nc3 Nc6 5. d3 Be7 6. Nf3 d6 7. O-O O-O 8. Rb1
a5 9. a3 Qe8 10. b4 h6 11. b5 Nd8 12. Nd5 Nxd5 13. cxd5 b6 14. Qc2 Ra7 15. a4
g5 16. Nd2 Qh5 17. Nc4 Nf7 18. f4 Bf6 19. Bb2 gxf4 20. gxf4 Kh7 21. e3 Rg8 22.
Kh1 Qh4 23. Rf3 exf4 24. Rh3 Qg5 25. exf4 Qg7 26. Rg3 Qh8 27. Rxg8 Kxg8 28.
Nxb6 cxb6 29. Qxc8+ Kh7 30. Qxf5+ Kg8 31. Bxf6 1-0

[Event "M.Chigorin Memorial 2014"]
[Site "St. Petersburg"]
[Date "2014.10.24"]
[Round "7.134"]
[White "Glazov, Anatoly"]
[Black "Baraeva, Marina"]
[Result "0-1"]
[WhiteElo "1887"]
[BlackElo "2089"]
[PlyCount "74"]
[EventDate "2014.10.18"]

1. Nf3 d5 2. c4 c6 3. b3 Nf6 4. e3 Bg4 5. Be2 Nbd7 6. Bb2 e6 7. O-O Bd6 8. d4
O-O 9. Nbd2 Ne4 10. Nxe4 dxe4 11. Ne5 Bxe2 12. Qxe2 f5 13. Rad1 Nf6 14. f3 exf3
15. gxf3 Qe8 16. Kh1 Qh5 17. Rg1 Qh6 18. Qg2 Nh5 19. Qh3 Rf6 20. Rg2 Rd8 21.
Rdg1 Bxe5 22. dxe5 Rg6 23. Rxg6 hxg6 24. Bc1 g5 25. Qg2 f4 26. exf4 gxf4 27.
Qh3 Kf7 28. Qg2 Qh7 29. Qg5 Ng3+ 30. Kg2 Qc2+ 31. Kh3 Rh8+ 32. Kg4 Qf5+ 33.
Qxf5+ exf5+ 34. Kxf4 Ne2+ 35. Kxf5 Nxg1 36. e6+ Ke7 37. f4 Rxh2 0-1

[Event "M.Chigorin Memorial 2014"]
[Site "St. Petersburg"]
[Date "2014.10.24"]
[Round "7.135"]
[White "Rubtsov, Aleksandr"]
[Black "Karasev, Vladimir I"]
[Result "0-1"]
[WhiteElo "1666"]
[BlackElo "2377"]
[PlyCount "134"]
[EventDate "2014.10.18"]

1. e4 c5 2. Nf3 e6 3. d4 cxd4 4. Nxd4 Qb6 5. Nb3 Qc7 6. Nc3 a6 7. Be3 Nf6 8. f3
Bd6 9. Qd2 Bb4 10. a3 Bxc3 11. Qxc3 Qxc3+ 12. bxc3 d6 13. c4 Nbd7 14. O-O-O Ke7
15. Bf4 e5 16. Be3 b6 17. Be2 a5 18. Kb2 Ba6 19. Rd2 Rhc8 20. Rhd1 Rc6 21. Bg5
h6 22. Bh4 g5 23. Bf2 Ne8 24. Nc1 Bxc4 25. Na2 Bxe2 26. Rxe2 Rac8 27. Rd3 Nc5
28. Bxc5 Rxc5 29. Nc3 Nf6 30. Nd1 Ke6 31. Ne3 d5 32. exd5+ Nxd5 33. Nxd5 Rxd5
34. Rb3 b5 35. g3 Rc4 36. Rbe3 f5 37. h3 h5 38. Rg2 Kd6 39. c3 g4 40. hxg4 hxg4
41. fxg4 Rxg4 42. Rh2 e4 43. Rh6+ Ke5 44. Kc2 Rg8 45. Rh5 Rd3 46. Rxd3 exd3+
47. Kxd3 Rxg3+ 48. Kd2 Rg2+ 49. Kd3 Ra2 50. Rh8 Rxa3 51. Kc2 b4 52. cxb4 axb4
53. Rb8 Rc3+ 54. Kd2 Rc4 55. Ke3 f4+ 56. Ke2 Kd4 57. Kd2 Ke4 58. Ke2 f3+ 59.
Kf2 Kd3 60. Kxf3 Kc2 61. Re8 b3 62. Re2+ Kc3 63. Re3+ Kb4 64. Re8 b2 65. Rb8+
Kc3 66. Ke3 Kc2 67. Ke2 b1=Q 0-1

[Event "M.Chigorin Memorial 2014"]
[Site "St. Petersburg"]
[Date "2014.10.24"]
[Round "7.136"]
[White "Turikov, Viktor"]
[Black "Dushin, Nikolay"]
[Result "1-0"]
[WhiteElo "2269"]
[BlackElo "1947"]
[PlyCount "80"]
[EventDate "2014.10.18"]

1. d4 d5 2. Nf3 e6 3. c4 Bb4+ 4. Bd2 Be7 5. Nc3 f5 6. cxd5 exd5 7. g3 Nf6 8.
Bg2 c6 9. O-O O-O 10. a3 Ne4 11. Qc2 Nd7 12. b4 a6 13. Rfb1 Nxc3 14. Qxc3 Nf6
15. Qc1 Ne4 16. a4 Bd7 17. Be1 Rc8 18. Ne5 Be6 19. Qb2 Nd6 20. Qb3 Kh8 21. e3
Bf6 22. Nd3 Qe7 23. Ra2 Rg8 24. Rc2 g5 25. Rbc1 Bf7 26. Ne5 Be6 27. f4 Qe8 28.
Qd3 Rg7 29. Qe2 h5 30. Nd3 g4 31. Nc5 Bd7 32. Qd3 Re7 33. Bf2 Rd8 34. Qb3 Bc8
35. Nd3 h4 36. Ne5 Rh7 37. Bf1 Ne4 38. Bd3 Nxf2 39. Kxf2 hxg3+ 40. hxg3 Rh2+
1-0

[Event "M.Chigorin Memorial 2014"]
[Site "St. Petersburg"]
[Date "2014.10.24"]
[Round "7.137"]
[White "Fedoseeva, Valentina"]
[Black "Pershin, Denis"]
[Result "0-1"]
[WhiteElo "1946"]
[BlackElo "2263"]
[PlyCount "116"]
[EventDate "2014.10.18"]

1. e4 c5 2. Nf3 d5 3. exd5 Qxd5 4. d4 cxd4 5. Qxd4 Qxd4 6. Nxd4 a6 7. c3 e5 8.
Nb3 Be6 9. Be3 Nd7 10. N1d2 O-O-O 11. O-O-O Ngf6 12. f3 Nd5 13. Bf2 Kc7 14. Bd3
Nf4 15. Bf1 g6 16. Ne4 Bh6 17. Kc2 f5 18. Nec5 Nxc5 19. Nxc5 Rxd1 20. Kxd1 Rd8+
21. Kc2 Bd5 22. c4 Bf7 23. Be3 Bg7 24. g3 Ne6 25. Nxe6+ Bxe6 26. Bd3 Bd7 27.
Rf1 Bc6 28. Bd2 Re8 29. Bc3 Bh6 30. Bd2 Bxd2 31. Kxd2 f4 32. Ke2 g5 33. Re1 Rd8
34. Bf5 Rf8 35. Bg4 Be8 36. Kf2 h5 37. Be6 Bc6 38. g4 Kd6 39. Bf5 hxg4 40. Bxg4
Rh8 41. h3 Re8 42. b4 e4 43. Rd1+ Kc7 44. fxe4 Rxe4 45. Rc1 Re3 46. b5 Be4 47.
bxa6 bxa6 48. c5 Rg3 49. Re1 Bd5 50. Re5 Kc6 51. Rxg5 Rg2+ 52. Kf1 Rxa2 53. Rf5
a5 54. Rxf4 Kxc5 55. Bd7 Ra1+ 56. Ke2 Bb3 57. Be8 a4 58. Kd2 a3 0-1

[Event "M.Chigorin Memorial 2014"]
[Site "St. Petersburg"]
[Date "2014.10.24"]
[Round "7.138"]
[White "Azimov, Ilyas"]
[Black "Mamatov, Melis"]
[Result "1-0"]
[WhiteElo "1938"]
[BlackElo "2191"]
[PlyCount "161"]
[EventDate "2014.10.18"]

1. e4 c5 2. Nf3 e6 3. d4 cxd4 4. Nxd4 a6 5. Bd3 Qc7 6. O-O Be7 7. Nc3 b6 8. Be3
d6 9. f4 Nd7 10. Nb3 Ngf6 11. Qe2 Bb7 12. Rae1 O-O 13. Bd2 e5 14. Rf3 Rfe8 15.
Rg3 Bf8 16. Qf3 g6 17. fxe5 dxe5 18. Bg5 Bg7 19. Qe2 b5 20. a3 Rac8 21. Rf3 h6
22. Bd2 Nh7 23. Rf2 Nhf8 24. Ref1 f6 25. Qg4 Re7 26. Be3 Kh7 27. Qh4 Qd6 28.
Rd2 Qe6 29. Be2 Rf7 30. Bg4 Qe7 31. Rfd1 Rc7 32. Qh3 Qe8 33. Na5 Ba8 34. Rd6 h5
35. Rxa6 Kg8 36. Be6 Nxe6 37. Qxe6 Qxe6 38. Rxe6 f5 39. Rxg6 f4 40. Bb6 Rxc3
41. bxc3 Nf6 42. Rd8+ Rf8 43. Rxf8+ Kxf8 44. Rxg7 Kxg7 45. Bc7 Nd7 46. c4 bxc4
47. Nxc4 Kf6 48. Nd2 Ke6 49. Kf2 Nf6 50. Nc4 Ng4+ 51. Kg1 Bxe4 52. h3 Ne3 53.
Nxe5 Nxc2 54. a4 Ne3 55. Nf3 Bxf3 56. gxf3 Nd5 57. Ba5 Ke5 58. Kf2 Kd4 59. Bd8
Kc4 60. a5 Kb5 61. Ke2 Nb4 62. Kd2 Kc4 63. Be7 Nc6 64. a6 Kb5 65. Bd6 Kxa6 66.
Kd3 Kb7 67. Ke4 Kc8 68. Kxf4 Kd7 69. Bc5 Ke6 70. Kg5 Ne5 71. f4 Nf3+ 72. Kg6 h4
73. Bf2 Kd5 74. f5 Ke5 75. f6 Ke6 76. Kg7 Ng5 77. Bxh4 Nf7 78. Bg3 Ng5 79. h4
Ne4 80. f7 Nxg3 81. f8=Q 1-0

[Event "M.Chigorin Memorial 2014"]
[Site "St. Petersburg"]
[Date "2014.10.24"]
[Round "7.139"]
[White "Radkov, Bazhen D"]
[Black "Makarevich, Julia"]
[Result "1-0"]
[WhiteElo "2160"]
[BlackElo "1934"]
[PlyCount "49"]
[EventDate "2014.10.18"]

1. d4 Nf6 2. g3 g6 3. Bg2 Bg7 4. Nf3 O-O 5. O-O d6 6. c4 Nc6 7. Nc3 a6 8. b3 e5
9. Bb2 Rb8 10. h3 Nd7 11. d5 Ne7 12. e4 h6 13. a4 a5 14. Ba3 b6 15. b4 Ba6 16.
Nb5 f5 17. Nd2 axb4 18. Bxb4 Nc5 19. Qc1 f4 20. a5 c6 21. Nc3 b5 22. dxc6 Nxc6
23. Bxc5 dxc5 24. cxb5 Bxb5 25. Nxb5 1-0

[Event "M.Chigorin Memorial 2014"]
[Site "St. Petersburg"]
[Date "2014.10.24"]
[Round "7.140"]
[White "Yakimov, S.Y."]
[Black "Nuritdinov, Nizomiddin"]
[Result "1/2-1/2"]
[WhiteElo "2155"]
[BlackElo "1898"]
[PlyCount "106"]
[EventDate "2014.10.18"]

1. d4 d5 2. Nf3 Nf6 3. e3 e6 4. c4 c6 5. b3 Bb4+ 6. Nbd2 Nbd7 7. Bd3 c5 8. O-O
O-O 9. Bb2 cxd4 10. exd4 b6 11. a3 Be7 12. Qe2 Bb7 13. Ne5 Rc8 14. Rfd1 g6 15.
Ndf3 Nh5 16. Qe3 Ng7 17. Ng4 f5 18. Nge5 Nf6 19. Rac1 Ne4 20. Rc2 g5 21. Nd2 g4
22. Nxe4 dxe4 23. Bf1 Bg5 24. Qe1 Rf6 25. c5 Bd5 26. Bc4 Rh6 27. Bxd5 exd5 28.
Bc1 Bxc1 29. Rdxc1 Qh4 30. h3 b5 31. f3 Qxe1+ 32. Rxe1 gxf3 33. gxf3 Rxh3 34.
Kg2 Rh6 35. fxe4 fxe4 36. Kg1 Rc7 37. Rg2 Rf6 38. c6 Kh8 39. Rf1 Rxf1+ 40. Kxf1
Nf5 41. Rf2 Nxd4 42. Rf6 Kg8 43. Rd6 Kf8 44. Rxd5 Nxb3 45. Rxb5 Nd4 46. Rb7 Ne6
47. Nd7+ Ke8 48. Nf6+ Kd8 49. Rb8+ Ke7 50. Nd5+ Kd6 51. Nxc7 Kxc7 52. Rh8 Kxc6
53. Rxh7 a6 1/2-1/2

[Event "M.Chigorin Memorial 2014"]
[Site "St. Petersburg"]
[Date "2014.10.24"]
[Round "7.141"]
[White "Ivanov, Sergei V"]
[Black "Kiselev, Viktor"]
[Result "1-0"]
[WhiteElo "2146"]
[BlackElo "1876"]
[PlyCount "102"]
[EventDate "2014.10.18"]

1. e4 e5 2. Nf3 Nc6 3. d4 exd4 4. Nxd4 Ne5 5. c4 a6 6. a3 d6 7. Nc3 c6 8. Be2
Be7 9. O-O Nf6 10. b4 O-O 11. f4 Ng6 12. Kh1 Re8 13. h3 h6 14. Qd3 Bd7 15. Be3
Qc8 16. Kh2 Nf8 17. Rad1 Rd8 18. g4 N6h7 19. Nf5 Bxf5 20. gxf5 Bf6 21. Bb6 Re8
22. Bd4 Rd8 23. Qg3 Bxd4 24. Rxd4 f6 25. Rfd1 Qc7 26. Qd3 Rd7 27. Rxd6 Rad8 28.
c5 b6 29. e5 bxc5 30. bxc5 fxe5 31. fxe5 Ng5 32. Qd4 Rxd6 33. cxd6 Qf7 34. Qg4
Qa7 35. Qg3 Qc5 36. e6 Ngxe6 37. fxe6 Nxe6 38. d7 Rf8 39. Bg4 Nd8 40. Rg1 Qxa3
41. Qe5 Rf2+ 42. Rg2 Qf8 43. Ne4 Qf4+ 44. Qxf4 Rxf4 45. Nc5 Rd4 46. Re2 Kh7 47.
Bf5+ g6 48. Re7+ Kg8 49. Bxg6 Rd2+ 50. Kg3 Kf8 51. Re8+ Kg7 1-0

[Event "M.Chigorin Memorial 2014"]
[Site "St. Petersburg"]
[Date "2014.10.24"]
[Round "7.142"]
[White "Pimenov, Valeri"]
[Black "Tskhadadze, Anna"]
[Result "1-0"]
[WhiteElo "2118"]
[BlackElo "1860"]
[PlyCount "87"]
[EventDate "2014.10.18"]

1. e4 d5 2. exd5 Qxd5 3. Nc3 Qd6 4. d4 Nf6 5. Bc4 c6 6. Nge2 Bg4 7. f3 Bf5 8.
Bf4 Qd8 9. Qd2 e6 10. O-O-O Nbd7 11. g4 Bg6 12. h4 h5 13. Bg5 Be7 14. Nf4 Bh7
15. Bxe6 O-O 16. Bxf6 Nxf6 17. g5 Nd5 18. Ncxd5 cxd5 19. Bxd5 Bd6 20. Be4 Bxe4
21. fxe4 Bxf4 22. Qxf4 Qa5 23. Kb1 Rac8 24. d5 Qc5 25. Rh2 Rfe8 26. e5 Rcd8 27.
Rhd2 Qe7 28. Re2 Qc5 29. Qd4 Qb5 30. c4 Qd7 31. Qe4 b6 32. g6 fxg6 33. Qxg6 Qc7
34. e6 Re7 35. Qd3 Qd6 36. Qd4 Rf8 37. Qe5 Rd8 38. Qxd6 Rxd6 39. b4 Kf8 40. c5
bxc5 41. bxc5 Rb7+ 42. Rb2 Rxb2+ 43. Kxb2 Ra6 44. d6 1-0

[Event "M.Chigorin Memorial 2014"]
[Site "St. Petersburg"]
[Date "2014.10.24"]
[Round "7.143"]
[White "Skvortsov, Sergey"]
[Black "Dobrovlyanskiy, Dmitriy"]
[Result "0-1"]
[WhiteElo "1934"]
[BlackElo "2117"]
[PlyCount "50"]
[EventDate "2014.10.18"]

1. e4 e6 2. d4 d5 3. Nc3 Bb4 4. a3 Bxc3+ 5. bxc3 dxe4 6. Qg4 Nf6 7. Qxg7 Rg8 8.
Qh6 Rg6 9. Qe3 Bd7 10. Ne2 Bc6 11. c4 Ng4 12. Qf4 e5 13. dxe5 Qe7 14. Bb2 Nd7
15. e6 fxe6 16. Qxc7 e5 17. h3 Qh4 18. Ng3 Nxf2 19. Nf5 Qf4 20. Nd6+ Rxd6 21.
Qxd6 O-O-O 22. Rg1 Nc5 23. Bxe5 Qe3+ 24. Be2 Rxd6 25. Bxd6 Nfd3+ 0-1

[Event "M.Chigorin Memorial 2014"]
[Site "St. Petersburg"]
[Date "2014.10.24"]
[Round "7.144"]
[White "Petukhov, Vasily N"]
[Black "Rygg, Snorre"]
[Result "1-0"]
[WhiteElo "2113"]
[BlackElo "1849"]
[PlyCount "89"]
[EventDate "2014.10.18"]

1. Nf3 Nf6 2. c4 g6 3. d4 Bg7 4. Nc3 O-O 5. e4 d6 6. Be2 c5 7. d5 Bg4 8. O-O
Nbd7 9. h3 Bxf3 10. Bxf3 a6 11. a4 Rb8 12. Qc2 Ne8 13. Be2 Nc7 14. a5 Ne8 15.
Bd2 Nef6 16. Na4 Qc7 17. b4 cxb4 18. Bxb4 Nc5 19. Nxc5 dxc5 20. Bc3 Nd7 21.
Rfb1 Bxc3 22. Qxc3 b6 23. Rb2 bxa5 24. Rba2 Rb6 25. Rxa5 Qb7 26. Bg4 Rb1+ 27.
Kh2 Rxa1 28. Qxa1 Qc7+ 29. g3 Nb8 30. Be2 h5 31. Qa3 Rc8 32. h4 Qd6 33. Bf1 Rc7
34. Bh3 Qb6 35. e5 Qb4 36. d6 exd6 37. exd6 Rb7 38. Qf3 Ra7 39. Ra3 Qxc4 40.
Re3 Qa4 41. Qf6 Qb5 42. Re7 Rxe7 43. dxe7 Qe8 44. Bg2 Qd7 45. Bd5 1-0

[Event "M.Chigorin Memorial 2014"]
[Site "St. Petersburg"]
[Date "2014.10.24"]
[Round "7.145"]
[White "Bratus, Petr P"]
[Black "Kokhnover, Ilya"]
[Result "0-1"]
[WhiteElo "2106"]
[BlackElo "1840"]
[PlyCount "66"]
[EventDate "2014.10.18"]

1. Nf3 c5 2. g3 g6 3. Bg2 Bg7 4. c4 Nc6 5. O-O d6 6. Nc3 Be6 7. d3 Qc8 8. Re1
Bh3 9. Bh1 h5 10. e3 Bg4 11. Qa4 Kf8 12. Rb1 h4 13. a3 hxg3 14. fxg3 Ne5 15.
Nxe5 Bxe5 16. Qc2 Nf6 17. Ne4 Nxe4 18. Bxe4 Kg7 19. Qf2 Rh5 20. b4 f5 21. Bh1
Qe6 22. d4 Bf6 23. Bd5 Qd7 24. bxc5 Rah8 25. Rxb7 Qd8 26. c6 Rxh2 27. Bg2 R8h7
28. Kf1 Qh8 29. Qg1 Rh1 30. Bxh1 Rxh1 31. Kf2 Rxg1 32. Rxg1 f4 33. Rb3 Qh2+ 0-1

[Event "M.Chigorin Memorial 2014"]
[Site "St. Petersburg"]
[Date "2014.10.24"]
[Round "7.146"]
[White "Evsyukov, Aleksey"]
[Black "Skvortsov, Alexander"]
[Result "0-1"]
[WhiteElo "1908"]
[BlackElo "2099"]
[PlyCount "82"]
[EventDate "2014.10.18"]

1. e4 c5 2. Nf3 e6 3. d4 cxd4 4. Nxd4 a6 5. Nc3 Qc7 6. Be3 b5 7. a3 Bb7 8. Bd3
Nf6 9. O-O d6 10. f4 Be7 11. Kh1 O-O 12. Qe1 Nbd7 13. Rd1 Rac8 14. Qg3 Rfe8 15.
Nf3 e5 16. fxe5 Nxe5 17. Nxe5 dxe5 18. Rf5 Kh8 19. Rdf1 Rg8 20. Qf3 Qd8 21. Bg5
Rc5 22. Qh3 Rxc3 23. bxc3 Bc8 24. Qh4 Bxf5 25. Rxf5 Qd6 26. Rf3 Qxa3 27. g4
Qa1+ 28. Kg2 Bc5 29. Be3 Bxe3 30. Rxe3 g5 31. Qg3 Qxc3 32. Rf3 Rg6 33. Qf2 Nxg4
34. Qe2 Rf6 35. Rf5 Rxf5 36. exf5 Nf6 37. Qe3 h6 38. Qb6 Kg7 39. Qxa6 e4 40.
Be2 b4 41. Qa2 h5 0-1

[Event "M.Chigorin Memorial 2014"]
[Site "St. Petersburg"]
[Date "2014.10.24"]
[Round "7.147"]
[White "Shuvalov, Arvind"]
[Black "Pronin, Vladimir"]
[Result "0-1"]
[WhiteElo "1900"]
[BlackElo "2053"]
[PlyCount "68"]
[EventDate "2014.10.18"]

1. e4 d5 2. exd5 Qxd5 3. Nc3 Qd6 4. Nf3 Nf6 5. Be2 a6 6. O-O Nc6 7. d3 Bf5 8.
Nh4 Bg6 9. f4 e6 10. Kh1 Be7 11. f5 exf5 12. Nxf5 Bxf5 13. Rxf5 Nd4 14. Bf4 Qd7
15. Re5 O-O 16. Re3 Bc5 17. Ne4 Nxe4 18. Rxe4 f5 19. Re5 Ne6 20. d4 Bd6 21. Bc4
Bxe5 22. Bxe5 Kh8 23. Qf3 c6 24. Qg3 Rf7 25. Re1 Re8 26. Qb3 Rfe7 27. c3 b5 28.
Bd3 Nc5 29. Qc2 Nxd3 30. Qxd3 Rxe5 31. Rxe5 Rxe5 32. Qg3 Re8 33. h3 Qe6 34. Qf3
Qe4 0-1

[Event "M.Chigorin Memorial 2014"]
[Site "St. Petersburg"]
[Date "2014.10.24"]
[Round "7.148"]
[White "Nordstrom, Hakon N"]
[Black "Zhdanov, Petr"]
[Result "0-1"]
[WhiteElo "1847"]
[BlackElo "2040"]
[PlyCount "68"]
[EventDate "2014.10.18"]

1. e4 e5 2. f4 exf4 3. Nf3 g5 4. Bc4 Bg7 5. O-O d6 6. d4 h6 7. g3 Bh3 8. Rf2
fxg3 9. Bxf7+ Kxf7 10. Ne5+ Ke6 11. hxg3 dxe5 12. Qh5 Nf6 13. d5+ Ke7 14. Qxh3
Qd7 15. Rf5 Nxe4 16. b3 Nd6 17. Ba3 Rf8 18. g4 Rxf5 19. gxf5 Kd8 20. Nc3 Qxf5
21. Qh5 Nd7 22. Rf1 Nf6 23. Rxf5 Nxh5 24. Bxd6 cxd6 25. Rf7 Ke8 26. Rxb7 Rc8
27. Nb5 Rxc2 28. Nxd6+ Kf8 29. Nf5 Rxa2 30. d6 Rd2 31. Rxa7 e4 32. Re7 Rxd6 33.
Rxe4 Rb6 34. Kh2 Rxb3 0-1

[Event "M.Chigorin Memorial 2014"]
[Site "St. Petersburg"]
[Date "2014.10.24"]
[Round "7.149"]
[White "Shinkevich, Maksim"]
[Black "Shuster, Andrei"]
[Result "0-1"]
[WhiteElo "1825"]
[BlackElo "2038"]
[PlyCount "130"]
[EventDate "2014.10.18"]

1. d4 Nf6 2. c4 g6 3. Nc3 d5 4. cxd5 Nxd5 5. e4 Nxc3 6. bxc3 Bg7 7. Bc4 c5 8.
Ne2 Nc6 9. Be3 O-O 10. O-O Bg4 11. f3 Bd7 12. Rb1 Qc7 13. Bb5 a6 14. Bxc6 Bxc6
15. Qb3 Bb5 16. Rfe1 cxd4 17. cxd4 e6 18. Nc3 Rfd8 19. Nxb5 axb5 20. Red1 Ra5
21. Rbc1 Qd6 22. d5 exd5 23. Rxd5 Qe7 24. Bb6 Rxd5 25. Qxd5 Ra8 26. Rc7 Qf6 27.
Rxb7 Qa1+ 28. Kf2 Qxa2+ 29. Kg3 Qxd5 30. exd5 Be5+ 31. f4 Rb8 32. Rxb8+ Bxb8
33. Bc5 f5 34. Kf3 Kf7 35. g3 Ke8 36. Ke3 Kd7 37. Kd3 Bd6 38. Bd4 Bb4 39. Be5
Bc5 40. h3 h5 41. Ke2 Bd6 42. Bd4 Be7 43. Be5 Bd6 44. Bd4 h4 45. gxh4 Bxf4 46.
Kf3 Bd2 47. h5 gxh5 48. Bc5 Bg5 49. Kg3 Kc7 50. h4 Bd2 51. Kf3 Kd7 52. Ke2 Bc3
53. Ke3 Be5 54. Kf3 Bd6 55. Bd4 Kc7 56. Ke3 Kb7 57. Kd3 Ka6 58. Bc3 b4 59. Bd2
Kb5 60. Kd4 b3 61. Bc3 Bg3 62. Bb2 Kb4 63. Bc1 Bd6 64. Kd3 Be5 65. Ke3 Kc5 0-1